000 00301nam a22001337a 4500
082 _a823
_bCHI/H
100 _aGARG, CHITRA
100 _aANIL K
245 _a101 MORAL STORIES OF GRANDPA
260 _aDELHI
_bMANOJ PUBLICATIONS
_c2003
300 _a176
650 _aENGLISH STORY
_zINDIA
942 _cBK
999 _c7405
_d7405